| 000 | 00356nam a2200145Ia 4500 | ||
|---|---|---|---|
| 100 | _aKarapetyants/ M. Kh | ||
| 650 | _aChemistry | ||
| 942 | _cBK | ||
| 654 | _aChemical Thermodynamies | ||
| 245 | _aExamples and problems in chemical thermodynamics | ||
| 260 |
_bMir Publishers _aMoscow _c1976 |
||
| 082 | _a541.369 | ||
| 300 | _a304 | ||
| 546 | _aENGLISH | ||
| 999 |
_c23055 _d23055 |
||